| 000 | 00443nam a2200157Ia 4500 | ||
|---|---|---|---|
| 008 | 230718s9999 xx 000 0 und d | ||
| 041 | _aeng | ||
| 082 |
_a658.787 _bKRI |
||
| 100 | _aKrishna S.J.(Editor) | ||
| 245 |
_aRFID _bApplications And Cases |
||
| 260 |
_c2010 _bICFAI University Press |
||
| 300 | _a349 | ||
| 365 |
_cRs. _b1050.00 |
||
| 700 | _aKrishna S.J.(Editor) | ||
| 906 |
_dO:0159701-Mar-2011B:110110106015-Feb-2011 _cMGMT _b262.5 |
||
| 999 |
_c327395 _d327395 |
||